[Event "Randers zt-B"]
[Site "Randers"]
[Date "1982.??.??"]
[Round "7"]
[White "Huss, Andreas"]
[Black "Sigurjonsson, Gudmundur"]
[Result "0-1"]
[WhiteElo "2310"]
[BlackElo "2435"]

1.d4 Nf6 2.Nf3 e6 3.c4 b6 4.a3 c5 5.d5 Ba6 6.b3 exd5 7.cxd5 g6 8.Bb2 Bg7
9.e4 Bxf1 10.Kxf1 d6 11.Qc2 O-O 12.Nbd2 Nbd7 13.g3 Ng4 14.Bxg7 Kxg7 15.h3 Nge5
16.Nh4 f6 17.f4 Nf7 18.Kg2 b5 19.Ndf3 Qb6 20.Rad1 a5 21.Qb2 Rac8 22.Rhe1 Rfe8
23.Rc1 Kg8 24.Re2 Qa6 25.Kh2 b4 26.axb4 axb4 27.Ra1 Qd3 28.Rd2 Qb5 29.Re1 Ra8
30.g4 Ra3 31.Qb1 Qa6 32.Rg2 Ra8 33.g5 fxg5 34.Nxg5 Nxg5 35.Rxg5 Ra1 36.Qxa1 Qxa1
37.Rxa1 Rxa1 38.Nf5 Ra2+ 39.Kg1 c4 40.Nd4 Rd2 41.Nf3 c3  0-1

[Event "Reykjavik op"]
[Site "Reykjavik"]
[Date "1982.??.??"]
[Round "?"]
[White "Petursson, Margeir"]
[Black "Zaltsman, Vitaly F"]
[Result "1/2-1/2"]
[WhiteElo "2415"]
[BlackElo "2405"]

1.c4 Nf6 2.d4 e6 3.Nf3 b6 4.a3 c5 5.d5 exd5 6.cxd5 g6 7.Nc3 Bg7 8.g3 d6 9.Bg2 O-O
10.O-O Re8 11.Bf4 Ng4 12.Qd2 a6 13.h3 Ne5 14.Nxe5 Bxe5 15.Bxe5 Rxe5 16.Rae1 Ra7
17.e4 Re8 18.f4 f6 19.e5 fxe5 20.fxe5 dxe5 21.d6 Kg7 22.Qd5 Rd7 23.Rxe5 Bb7
24.Rxe8 Qxe8 25.Qd3 Bxg2 26.Kxg2 Qe5 27.Qf3 Qxd6 28.Ne4 Qe7 29.Ng5 Rd2+ 30.Kg1 Re2
31.Qc3+ Qe5 32.Rf7+ Kg8 33.Qxe5 Rxe5 34.Rb7 Rxg5 35.Rxb8+ Kg7 36.Rb7+ Kf8
37.Kg2 b5 38.Rxh7 Rd5 39.Kf3 Rd2 40.Ra7 Rxb2 41.Rxa6 Kg7 42.Kf4 Rf2+ 43.Ke4 c4
44.g4 Rh2 45.g5 Rxh3 46.Ra7+ Kf8 47.Ke5 Rf3 48.Ke6 Rf5 49.Rc7 Rxg5 50.Kf6 Rf5+
51.Kxg6 Rf1 52.a4 bxa4 53.Rxc4 Ra1 54.Kf6 Ke8 55.Ke6 Kd8 56.Kd6 a3 57.Ra4 Kc8
58.Kc6 Kb8 59.Kb5  1/2-1/2

[Event "Reykjavik op"]
[Site "Reykjavik"]
[Date "1982.??.??"]
[Round "?"]
[White "Olafsson, Helgi"]
[Black "Abramovic, Bosko"]
[Result "0-1"]
[WhiteElo "2430"]
[BlackElo "2445"]

1.Nf3 Nf6 2.c4 e6 3.d4 b6 4.a3 Bb7 5.Nc3 d5 6.cxd5 exd5 7.Bg5 Be7 8.Bxf6 Bxf6
9.g3 O-O 10.Bg2 c5 11.Rc1 Na6 12.O-O Qe7 13.e3 Nc7 14.Qa4 Ne6 15.Rfd1 Rfd8
16.Rd2 a6 17.Qd1 c4 18.Qe2 b5 19.Rcd1 Nc7 20.Qe1 a5 21.e4 b4 22.axb4 axb4
23.Nxd5 Nxd5 24.exd5 Qd6 25.Rc2 Bxd5 26.Nd2 Bxg2 27.Kxg2 Qxd4 28.Rxc4 Qd5+
29.Kg1 Rab8 30.Rcc1 Bxb2 31.Nc4 Bd4 32.Rd2 b3 33.Qe2 b2 34.Rb1 Qf5 35.Qf1 Qf6
36.Qe2 Re8 37.Qd1 Bc3 38.Re2 g6 39.Rxe8+ Rxe8 40.Qc2 Qf3 41.Ne3 Bd4 42.Qd2 Rxe3
43.Qxd4 Re2 44.Kf1 Rc2 45.Qd8+ Kg7 46.Qd4+ Qf6 47.Qe3 Qc6 48.Qd4+ f6 49.Qa7+ Kh6  0-1

[Event "Reykjavik op"]
[Site "Reykjavik"]
[Date "1982.??.??"]
[Round "?"]
[White "Kuligowski, Adam"]
[Black "Josteinsson, Leifur"]
[Result "1-0"]
[WhiteElo "2465"]
[BlackElo "2300"]

1.d4 Nf6 2.c4 e6 3.Nf3 b6 4.a3 Bb7 5.Nc3 d5 6.cxd5 Nxd5 7.e3 Nxc3 8.bxc3 Nd7
9.Bd3 Be7 10.Qc2 c5 11.Bxh7 Bxf3 12.gxf3 Qc7 13.Be4 Rc8 14.d5 exd5 15.Bxd5 c4
16.f4 Qd6 17.Qf5 Qf6 18.Qxf6 Bxf6 19.Bd2 Rc5 20.e4 Rh3 21.Rc1 Ra5 22.Bxc4 Rxa3
23.e5 Be7 24.Bb5 Bc5 25.Rd1 Ra5 26.c4 Ra2 27.Be3 Bxe3 28.Bxd7+  1-0

[Event "Reykjavik op"]
[Site "Reykjavik"]
[Date "1982.??.??"]
[Round "?"]
[White "Burger, Karl"]
[Black "Schneider, Lars Ake"]
[Result "0-1"]
[WhiteElo "2420"]
[BlackElo "2435"]

1.d4 Nf6 2.Nf3 e6 3.c4 b6 4.a3 d5 5.e3 Be7 6.b3 O-O 7.Bd3 Bb7 8.Bb2 Nbd7
9.O-O c5 10.Nbd2 Rc8 11.Qe2 cxd4 12.exd4 Re8 13.Rfd1 Rc7 14.Qe3 Qa8 15.Re1 Nf8
16.Ne5 Rec8 17.Qh3 Bd6 18.f4 Ne4 19.Qe3 f6 20.cxd5 Nxd2 21.Qxd2 Bxd5 22.Nc4 Be7
23.a4 Ng6 24.g3 Bf8 25.Re3 f5 26.Rae1 Qc6 27.Bf1 a6 28.Bg2 b5 29.Rxe6 Qxe6
30.Rxe6 Bxe6 31.Qe3 Bxc4 32.bxc4 bxc4 33.Qe6+ Kh8 34.h4 Rb8 35.Bc3 Rb3 36.h5 Ne7
37.Ba5 Rc8 38.d5 c3 39.Bxc3 Rbxc3 40.d6 Ng8 41.Bd5 Nf6 42.d7 Rd8 43.Bc6 h6
44.a5 Rxg3+ 45.Kh2 Rc3 46.Ba4  0-1

[Event "Reykjavik op"]
[Site "Reykjavik"]
[Date "1982.??.??"]
[Round "?"]
[White "Goodman, David SC"]
[Black "Erlingsson, Jonas P"]
[Result "1/2-1/2"]
[WhiteElo "2345"]
[BlackElo "2225"]

1.d4 Nf6 2.c4 e6 3.Nf3 b6 4.a3 Bb7 5.Nc3 d5 6.cxd5 Nxd5 7.e3 Be7 8.Bb5+ c6
9.Bd3 Nd7 10.e4 Nxc3 11.bxc3 c5  1/2-1/2

[Event "Sarajevo"]
[Site "Sarajevo"]
[Date "1982.??.??"]
[Round "?"]
[White "Kurajica, Bojan"]
[Black "Makarichev, Sergey"]
[Result "1/2-1/2"]
[WhiteElo "2510"]
[BlackElo "2505"]

1.d4 Nf6 2.Nf3 e6 3.c4 b6 4.a3 Bb7 5.Nc3 d5 6.cxd5 Nxd5 7.e3 Be7 8.Bb5+ c6
9.Bd3 c5 10.O-O cxd4 11.exd4 Nd7 12.Qe2 O-O 13.Bd2  1/2-1/2

[Event "URS-ch sf"]
[Site "Severodonetsk"]
[Date "1982.??.??"]
[Round "?"]
[White "Sideif Sade, Fikret I"]
[Black "Andrianov, Nikolai"]
[Result "1-0"]
[WhiteElo "2355"]
[BlackElo "2435"]

1.d4 Nf6 2.c4 e6 3.Nf3 b6 4.a3 Ba6 5.Qc2 Bb7 6.Nc3 c5 7.e4 cxd4 8.Nxd4 d6
9.Be2 Nbd7 10.O-O a6 11.Be3 Be7 12.Rac1 O-O 13.f3 Rc8 14.Qd2 Re8 15.Rfd1 Qc7
16.Bf1 Qb8 17.Kh1 Bd8 18.Bg1 Ne5 19.b3 Bc7 20.b4 h5 21.Qf2 Ng6 22.Na4 h4
23.Nb3 Nd7 24.c5 bxc5 25.bxc5 d5 26.Nd4 Be5 27.exd5 Bxd5 28.Bxa6 Rc7 29.Rb1 Qa7
30.Bb5 h3 31.Nb6 Nf4 32.g3 Qxa3 33.Nxd5 Nxd5 34.Bxd7 Rxd7 35.c6 Rde7 36.Nb5 Qa6
37.Qe1 Bb8 38.Bc5 Qxc6 39.Bxe7 Nxe7 40.Qe4 Nd5 41.Nd4 Qa4 42.Ra1 Qd7 43.Ne2 Bd6
44.Rac1 Qb5 45.Ng1 Ba3 46.Rc2 Bc5 47.Rxd5 exd5 48.Rxc5 dxe4 49.Rxb5 e3 50.Rb1 Rd8
51.Re1 f5 52.Nxh3  1-0

[Event "Sochi"]
[Site "Sochi"]
[Date "1982.??.??"]
[Round "8"]
[White "Vaisser, Anatoli"]
[Black "Razuvaev, Yuri S"]
[Result "1/2-1/2"]
[WhiteElo "2490"]
[BlackElo "2495"]

1.d4 Nf6 2.c4 e6 3.Nf3 b6 4.a3 Bb7 5.Nc3 g6 6.d5 exd5 7.cxd5 Bg7 8.g3 O-O
9.Bg2 c6 10.Bg5 h6 11.Bxf6 Qxf6 12.O-O c5 13.Nd2 d6 14.Nc4 Qe7 15.a4 Rd8
16.Qb3 Nd7 17.Rfe1 Ne5 18.Nxe5 Qxe5 19.a5 b5 20.a6 Bc8 21.Qxb5 Bd7 22.Qb7 Be8
23.Qc7 Rdc8 24.Qa5 Rab8  1/2-1/2

[Event "BUL-ch"]
[Site "Sofia"]
[Date "1982.??.??"]
[Round "10"]
[White "Toshkov, Tihomir"]
[Black "Spiridonov, Nikola"]
[Result "0-1"]
[WhiteElo "2370"]
[BlackElo "2440"]

1.d4 Nf6 2.Nf3 b6 3.c4 e6 4.a3 Bb7 5.Nc3 Ne4 6.Nxe4 Bxe4 7.Nd2 Bb7 8.e3 c5
9.dxc5 Bxc5 10.Be2 O-O 11.O-O Be7 12.b3 Nc6 13.Bf3 Qc7 14.Bb2 Rfd8 15.Rc1 Rac8
16.Qc2 a6 17.Rfd1 d6 18.Be4 h6 19.b4 b5 20.Bh7+ Kh8 21.Bd3 Qb8 22.Qb1 Ba8
23.Qa1 Bf8 24.Nf3 Qb7 25.c5 dxc5 26.Rxc5 Bxc5 27.Bxg7+ Kg8 28.bxc5 e5 29.Bxh6 Qe7
30.Bf5 Rxd1+ 31.Qxd1 Rd8 32.Nd2 Qh4 33.Qf3 Qxh6 34.Ne4 Ne7 35.Qg4+ Kf8 36.Nd6 Nxf5
37.Qxf5 Qg6  0-1

[Event "Tbilisi sim m"]
[Site "Tbilisi"]
[Date "1982.??.??"]
[Round "?"]
[White "Tal, Mihail"]
[Black "Bronstein, David I"]
[Result "1-0"]
[WhiteElo "2605"]
[BlackElo "2495"]

1.d4 Nf6 2.c4 e6 3.Nf3 b6 4.a3 Be7 5.Nc3 d5 6.cxd5 exd5 7.Bf4 O-O 8.e3 c5
9.Ne5 Bb7 10.Bd3 Nbd7 11.Qf3 Re8 12.O-O a6 13.Qh3 Nf8 14.Bg5 cxd4 15.exd4 Ne4
16.Nxe4 dxe4 17.Bc4 Bd5 18.Qb3 Bxc4 19.Qxc4 Ne6 20.Nc6 b5 21.Qa2 Qd7 22.Nxe7+ Kh8
23.Bh4 g5 24.Nd5 gxh4 25.Nb6 Qb7 26.Nxa8 Nf4 27.b4 Rg8 28.d5 Rxg2+ 29.Kh1 Qd7
30.Qb2+ Kg8 31.Qb3 Nd3 32.Rg1 Rg4 33.Qc2 Kf8 34.f3 Rxg1+ 35.Rxg1 Qf5 36.Rf1 e3
37.Nb6 h3 38.d6 Nf2+ 39.Rxf2 exf2 40.Qxf2 Qd3 41.Nd7+ Ke8 42.Ne5 Qxd6 43.Qe2 Qe6
44.Qe4  1-0

[Event "Tilburg"]
[Site "Tilburg"]
[Date "1982.??.??"]
[Round "?"]
[White "Timman, Jan H"]
[Black "Larsen, Bent"]
[Result "1-0"]
[WhiteElo "2600"]
[BlackElo "2595"]

1.d4 Nf6 2.c4 e6 3.Nf3 b6 4.a3 Be7 5.Nc3 d5 6.cxd5 exd5 7.Bf4 O-O 8.e3 c5
9.Be2 Nc6 10.Ne5 Bb7 11.O-O cxd4 12.exd4 Nxe5 13.dxe5 Ne4 14.Nxe4 dxe4 15.Qa4 a6
16.Rfd1 Qe8 17.Qb3 Bc5 18.Qg3 Qe6 19.b4 Be7 20.Bg4 Qg6 21.Be3 a5 22.b5 Rad8
23.Bd7 Bc8 24.Qxg6 hxg6 25.e6 fxe6 26.Bc6 Rxd1+ 27.Rxd1 Rd8 28.Rb1 Rd3 29.Bxb6 Rxa3
30.Be3 Rc3 31.Ra1 Rb3 32.g3 Bd8 33.Bxe4 Rb4 34.Rc1 Bd7 35.Rd1 Rxe4 36.Rxd7 Bf6
37.b6 Rb4 38.b7 a4 39.Bc5 Rb1+ 40.Kg2 g5 41.Bd6 a3 42.Bxa3 Be5 43.Be7 g4
44.h3 gxh3+ 45.Kxh3 Rb3 46.Kg4 Kf7 47.Bd6+ Kf6 48.Bxe5+ Kxe5 49.Kg5  1-0

[Event "Varna"]
[Site "Varna"]
[Date "1982.??.??"]
[Round "10"]
[White "Garkov, Mitko"]
[Black "Prandstetter, Eduard"]
[Result "1/2-1/2"]
[WhiteElo "2375"]
[BlackElo "2410"]

1.d4 Nf6 2.c4 e6 3.Nf3 b6 4.a3 Bb7 5.Nc3 d5 6.cxd5 exd5 7.g3 Bd6 8.Bg2 O-O
9.O-O a6 10.b4 Nbd7 11.Qb3 Re8 12.Rd1 Qe7 13.Bb2 Ne4 14.Rac1 Ndf6 15.Ne5 Nxc3
16.Bxc3 Rab8 17.e3 c5 18.Qb2 c4 19.f3 b5 20.Re1 Ra8 21.Ra1 h6 22.Bh3 Bc8
23.Bg2 Bb7 24.Bh3 Bc8  1/2-1/2

[Event "JUG-ch"]
[Site "Vrbas"]
[Date "1982.??.??"]
[Round "?"]
[White "Cebalo, Miso"]
[Black "Dizdar, Goran"]
[Result "1-0"]
[WhiteElo "2495"]
[BlackElo "2380"]

1.d4 Nf6 2.c4 e6 3.Nf3 b6 4.a3 Ba6 5.Qc2 c5 6.d5 exd5 7.cxd5 Bb7 8.e4 Qe7
9.Bd3 Nxd5 10.O-O Nc7 11.Nc3 Qd8 12.Nd5 Ne6 13.b3 Be7 14.Bb2 Nc6 15.Rad1 Rc8
16.Rfe1 Ncd4 17.Nxd4 Nxd4 18.Qb1 O-O 19.Bc4 b5 20.Nxe7+ Qxe7 21.Bd5 Bxd5
22.exd5 Qg5 23.Bxd4 cxd4 24.Rxd4 Rfe8 25.Rde4 Rxe4 26.Qxe4 g6 27.h4 Qd2 28.h5 d6
29.a4 bxa4 30.bxa4 Rc2 31.h6  1-0

[Event "JUG-ch"]
[Site "Vrbas"]
[Date "1982.??.??"]
[Round "?"]
[White "Rajkovic, Dusan"]
[Black "Sines, J."]
[Result "1-0"]
[WhiteElo "2460"]
[BlackElo "2355"]

1.d4 Nf6 2.c4 e6 3.Nf3 b6 4.a3 Bb7 5.Nc3 d5 6.cxd5 Nxd5 7.Qa4+ c6 8.e4 Nxc3
9.bxc3 Be7 10.Bb2 O-O 11.Rd1 Qc8 12.c4 b5 13.Qc2 bxc4 14.Bxc4 Nd7 15.O-O Rb8
16.Rfe1 Bf6 17.Bc3 Re8 18.h3 Be7 19.Qa2 Ba6 20.Bb3 Qb7 21.Rb1 Qc8 22.Bd2 Bd3
23.Rbc1 Bf8 24.Rc3 Ba6 25.Rec1 Rb6 26.Be3 Nf6 27.Nd2 Bb7 28.d5 Ra6 29.dxe6 fxe6
30.a4 Kh8 31.f3 Ra5 32.Nc4 Rh5 33.Bxa7 c5 34.a5 Qc7 35.Qf2 Qf7 36.Bb6 Qg6
37.Rd1 Rxh3 38.Ne5 Qh5 39.gxh3 Qxe5 40.Rcd3 Nh5 41.Rd8 Bc6 42.Rxe8 Bxe8 43.Rd8 Nf6
44.a6 Be7 45.Rxe8+ Nxe8 46.a7 Qg5+ 47.Kh1 Qc1+ 48.Qg1 Qa3 49.Qd1 Bd6 50.Ba4  1-0

[Event "Hoogovens-B"]
[Site "Wijk aan Zee"]
[Date "1982.??.??"]
[Round "7"]
[White "Ligterink, Gert"]
[Black "Vogel, Jaap"]
[Result "1-0"]
[WhiteElo "2455"]
[BlackElo "2335"]

1.d4 e6 2.c4 Nf6 3.Nf3 b6 4.a3 Bb7 5.Nc3 d5 6.cxd5 exd5 7.g3 Be7 8.Bg2 O-O
9.O-O c5 10.Bf4 Nbd7 11.Ne5 Re8 12.e3 h6 13.g4 cxd4 14.exd4 Ne4 15.Nxe4 dxe4
16.Re1 Nf6 17.Bg3 Rc8 18.h4 Nd7 19.Bxe4 Bxe4 20.Rxe4 Bxh4 21.Nxf7 Kxf7 22.Qb3+ Kg6
23.Rxe8 Qxe8 24.Qd3+ Kf7 25.Bxh4 Qe6 26.f3 Nf6 27.Bxf6 Qxf6 28.Re1 Kg8 29.Qe4 Kh8
30.Kg2 Qd6 31.d5 b5 32.Qf5 Rf8 33.Re6 Qc5 34.Qe4 Qc1 35.Qd4 h5 36.gxh5 Qg5+
37.Qg4 Qd2+ 38.Kg3 Qxd5 39.h6 Rxf3+ 40.Qxf3 Qxe6 41.Qf8+ Qg8 42.hxg7+ Kh7  1-0

[Event "Hoogovens-B"]
[Site "Wijk aan Zee"]
[Date "1982.??.??"]
[Round "8"]
[White "Van der Sterren, Paul"]
[Black "Ligterink, Gert"]
[Result "1-0"]
[WhiteElo "2470"]
[BlackElo "2455"]

1.d4 Nf6 2.c4 e6 3.Nf3 b6 4.a3 Bb7 5.Nc3 d5 6.cxd5 Nxd5 7.e3 Be7 8.Bb5+ c6
9.Bd3 Nxc3 10.bxc3 c5 11.O-O Nc6 12.e4 Rc8 13.Be3 cxd4 14.cxd4 O-O 15.Qe2 Na5
16.a4 Kh8 17.Rfd1 f5 18.exf5 exf5 19.Rab1 Bd6 20.Ne5 Qe8 21.Bf4 Bd5 22.Bb5 Qe7
23.Qh5 Kg8 24.Rd3 Bf7 25.Qf3 Bxe5 26.dxe5 Be6 27.Rbd1 Nc4 28.Qg3 Qf7 29.h4 Nb2
30.Rd7 Qg6 31.Qxg6 hxg6 32.R1d6 Bxd7 33.Rxd7 Nc4 34.e6  1-0

[Event "Yerevan"]
[Site "Yerevan"]
[Date "1982.??.??"]
[Round "2"]
[White "Lputian, Smbat G"]
[Black "Robatsch, Karl"]
[Result "1-0"]
[WhiteElo "2440"]
[BlackElo "2415"]

1.d4 Nf6 2.c4 e6 3.Nf3 b6 4.a3 c5 5.d5 Ba6 6.Qc2 exd5 7.cxd5 d6 8.Nc3 Be7
9.g3 O-O 10.Bg2 Re8 11.O-O Bf8 12.Re1 Nbd7 13.h3 b5 14.b4 Bb7 15.bxc5 Nxc5
16.Nd4 Qb6 17.Bg5 Nfe4 18.Nxe4 Nxe4 19.Bxe4 Qxd4 20.Bxh7+ Kh8 21.Rad1 Qc4
22.Qxc4 bxc4 23.Bf5 Bc8 24.Bc2 Be7 25.Ba4 Bxg5 26.Bxe8 c3 27.f4 Bd8 28.Bxf7 c2
29.Rc1 Ba5 30.Bg6 Bxh3 31.Bxc2 Bg4 32.Bg6 Kg8 33.Kf2 Bxe1+ 34.Kxe1  1-0

[Event "Yerevan"]
[Site "Yerevan"]
[Date "1982.??.??"]
[Round "6"]
[White "Petrosian, Arshak B"]
[Black "Robatsch, Karl"]
[Result "1/2-1/2"]
[WhiteElo "2485"]
[BlackElo "2415"]

1.d4 Nf6 2.c4 e6 3.Nf3 b6 4.a3 Bb7 5.Nc3 d5 6.cxd5 Nxd5 7.e3 Nd7 8.Bd3 f5
9.Qc2 Nxc3 10.bxc3 Qf6 11.O-O Qg6 12.Qe2 Bd6 13.Re1 O-O 14.e4 fxe4 15.Bxe4 Bxe4
16.Qxe4 Qxe4 17.Rxe4 Rfe8 18.Bg5 e5 19.Rae1 Bxa3 20.dxe5 Nc5 21.Rg4 Ne6 22.Nd4 Nxg5
23.Rxg5 Bc5 24.h4  1/2-1/2

[Event "Yerevan"]
[Site "Yerevan"]
[Date "1982.??.??"]
[Round "13"]
[White "Lputian, Smbat G"]
[Black "Farago, Ivan"]
[Result "1-0"]
[WhiteElo "2440"]
[BlackElo "2485"]

1.d4 Nf6 2.c4 e6 3.Nf3 b6 4.a3 Ba6 5.Qc2 Bb7 6.Nc3 c5 7.d5 exd5 8.cxd5 Nxd5
9.Bg5 f6 10.Nxd5 Bxd5 11.Bf4 Qe7 12.O-O-O Qe4 13.Rxd5 Qxd5 14.e3 Qe6 15.Bd3 Nc6
16.Rd1 Rd8 17.Bf5 Qf7 18.Bc7 g6 19.Qe4+ Qe7 20.Bxd7+ Rxd7 21.Qxc6 Rg8 22.Rd6 Rg7
23.Re6 Qxe6 24.Qxe6+ Rge7 25.Qc6  1-0

[Event "Albena"]
[Site "Albena"]
[Date "1983.??.??"]
[Round "?"]
[White "Van der Sterren, Paul"]
[Black "Kruszynski, Wlodzimierz"]
[Result "1-0"]
[WhiteElo "2445"]
[BlackElo "2435"]

1.d4 Nf6 2.c4 e6 3.Nf3 b6 4.a3 Bb7 5.Nc3 d5 6.cxd5 Nxd5 7.e3 Be7 8.Bb5+ c6
9.Bd3 Nxc3 10.bxc3 c5 11.O-O Nc6 12.Bb2 O-O 13.Qe2 Rc8 14.Rad1 cxd4 15.cxd4 Bf6
16.e4 g6 17.h4 Rc7 18.h5 Bg7 19.Qe3 Rd7 20.Be2 gxh5 21.Rfe1 h6 22.Rd2 a6
23.Red1 Qe7 24.d5 exd5 25.Bxg7 Kxg7 26.Rxd5 Rfd8 27.Rxd7 Rxd7 28.Rxd7 Qxd7
29.Qxb6 Ne7 30.Ne5 Qc8 31.Nc4 Qc6 32.Qb2+ f6 33.Na5  1-0

[Event "Albena"]
[Site "Albena"]
[Date "1983.??.??"]
[Round "?"]
[White "Van der Sterren, Paul"]
[Black "Farago, Ivan"]
[Result "0-1"]
[WhiteElo "2445"]
[BlackElo "2495"]

1.d4 Nf6 2.c4 e6 3.Nf3 b6 4.a3 Ba6 5.Qc2 Bb7 6.Nc3 c5 7.e4 cxd4 8.Nxd4 d6
9.Be2 Be7 10.O-O O-O 11.Rd1 Nbd7 12.Ndb5 Qb8 13.Bf4 e5  0-1

[Event "Candidats (Women) qf4"]
[Site "Alicante"]
[Date "1983.??.??"]
[Round "1"]
[White "Lematschko, Tatjana"]
[Black "Alexandria, Nana"]
[Result "1-0"]
[WhiteElo "2255"]
[BlackElo "2355"]

1.d4 Nf6 2.c4 e6 3.Nf3 b6 4.a3 Ba6 5.Qc2 Bb7 6.Nc3 c5 7.dxc5 bxc5 8.Bf4 Nh5
9.Bg5 Be7 10.Bxe7 Qxe7 11.e3 Nf6 12.Be2 O-O 13.O-O Nc6 14.Rfd1 Rfd8 15.h3 Rac8
16.Rac1 h6 17.Na4 Rb8 18.Bd3 Ba8 19.Qc3 d6 20.Rb1 Qb7 21.Ne1 Ne5 22.Nxc5 Qc6
23.Nb3 Nxd3 24.Nd4 Qa6 25.Nxd3 Rdc8 26.b3 e5 27.Nf5 Rc7 28.Qa1 Rb6 29.f3 g6
30.Nxh6+ Kh7 31.Ng4 Nxg4 32.hxg4 Qc8 33.Kf2 Qe6 34.Nf4 Qe7 35.Rh1+ Kg7 36.Rh3 Rc8
37.Qc3 Qf6 38.Rbh1 Rg8 39.Nd3  1-0

[Event "Candidats (Women) qf4"]
[Site "Alicante"]
[Date "1983.??.??"]
[Round "3"]
[White "Lematschko, Tatjana"]
[Black "Alexandria, Nana"]
[Result "0-1"]
[WhiteElo "2255"]
[BlackElo "2355"]

1.d4 Nf6 2.c4 e6 3.Nf3 b6 4.a3 Ba6 5.Nbd2 d5 6.cxd5 exd5 7.Ne5 Bd6 8.Qa4+ c6
9.Ndf3 Qc7 10.Qc2 O-O 11.g3 c5 12.Bf4 Nc6 13.Nxc6 Bxf4 14.Nce5 Bxe5 15.Nxe5 Qe7
16.Qa4 cxd4 17.f4 Bc4 18.Bg2 Rac8 19.Qd1 Nd7 20.Nxc4 dxc4 21.Qxd4 Nf6 22.Rc1 Rfd8
23.Qc3 Nd5 24.Bxd5 Rxd5 25.Rf1 b5 26.Rf3 Re8 27.Rc2 h5 28.Rd2 Rxd2 29.Qxd2 Qc5
30.Kf1 Re6 31.Qd8+ Kh7 32.Qg5 Qxg5 33.fxg5 Kg6 34.Ke1 Rd6 35.Rf4 a6 36.h4 f6
37.gxf6 gxf6 38.a4 f5 39.axb5 axb5 40.Rf3 Rd4 41.b3 Kf6 42.bxc4 bxc4 43.Re3 f4
44.Rf3 Ke5 45.gxf4+ Rxf4 46.Rxf4 Kxf4 47.Kd2 Kg4 48.Kc3 Kxh4 49.Kxc4 Kg4
50.e4 h4 51.e5 Kf5 52.Kd5 h3  0-1

[Event "OHRA"]
[Site "Amsterdam"]
[Date "1983.??.??"]
[Round "?"]
[White "Grooten, Herman"]
[Black "Kuijf, Marinus"]
[Result "1-0"]
[WhiteElo "2340"]
[BlackElo "2420"]

1.Nf3 Nf6 2.d4 e6 3.c4 b6 4.a3 Ba6 5.Qc2 Bb7 6.e3 c5 7.Be2 cxd4 8.exd4 Be7
9.O-O O-O 10.Bf4 d5 11.c5 bxc5 12.dxc5 a5 13.Nbd2 Nc6 14.Bb5 Rc8 15.Bxc6 Bxc6
16.b4 Nd7 17.Rab1 axb4 18.axb4 Bb5 19.Rfe1 Bf6 20.Nb3 Re8 21.Nfd4 Ba4 22.Qa2 Ra8
23.Be3 g6 24.Na5 Bxd4 25.Bxd4 Bb5 26.Qb2 Qc7 27.c6 Nb6 28.Bh8 f5 29.Be5 Qe7
30.Qd4 Nc8 31.Rbc1 Na7 32.h4 Ba6 33.Qf4 Nb5 34.c7 Na7 35.Bb2 h5 36.Qd4 Qh7
37.Qb6 Bc8 38.Nb7 Bd7 39.Nd8 Nc8 40.Qd4 Ra2 41.Ra1 Rxa1 42.Bxa1 Nd6 43.Rc1 Bc8
44.Rc6 Nc4 45.Kh2 Qh6 46.f4 Na3 47.g3 Qh7 48.Qf6 Rf8 49.Qe5 Nc4 50.Rxc4 dxc4
51.b5 Re8 52.b6 Re7 53.Bc3 g5 54.fxg5 f4 55.g6 fxg3+ 56.Kh3 Qh6 57.Nc6 Re8  1-0

[Event "OHRA"]
[Site "Amsterdam"]
[Date "1983.??.??"]
[Round "?"]
[White "Van der Sterren, Paul"]
[Black "Van der Vliet, Fred"]
[Result "1-0"]
[WhiteElo "2445"]
[BlackElo "2345"]

1.d4 Nf6 2.c4 e6 3.Nf3 b6 4.a3 c5 5.d5 Ba6 6.Qc2 exd5 7.cxd5 g6 8.Nc3 Bg7
9.g3 O-O 10.Bg2 d6 11.O-O Nbd7 12.Re1 b5 13.h3 Rc8 14.e4 Ne5 15.Nxe5 dxe5
16.Be3 Qc7 17.b4 Nd7 18.Bf1 Qb7 19.Qd2 f5 20.exf5 gxf5 21.bxc5 Nxc5 22.Rab1 f4
23.gxf4 exf4 24.Bd4 Rf7 25.Bxb5 Bxd4 26.Qxd4 Bxb5 27.Rxb5 Rg7+ 28.Kh2 Qc7
29.d6 Qc6 30.Rg1 Rxg1 31.Kxg1 Ne6 32.Qf6 Qxc3 33.Qxe6+ Kh8 34.d7 Qg7+ 35.Kh2 Rd8
36.Qe8+ Qg8 37.Re5  1-0

[Event "Baku"]
[Site "Baku"]
[Date "1983.??.??"]
[Round "?"]
[White "Van der Sterren, Paul"]
[Black "Short, Nigel D"]
[Result "1/2-1/2"]
[WhiteElo "2445"]
[BlackElo "2475"]

1.d4 Nf6 2.c4 e6 3.Nf3 b6 4.a3 d5 5.Nc3 Be7 6.cxd5 exd5 7.Bf4 O-O 8.e3 Bf5
9.Be2 Ne4 10.Qb3 c6 11.O-O Bd6 12.Bxd6 Qxd6 13.Rac1 Nd7 14.Rfd1 Rfb8 15.Ne1 a5
16.Nd3 h6 17.Nxe4 Bxe4 18.Qc3 Rc8 19.Qd2 Nf6 20.b4  1/2-1/2

[Event "Banja Luka"]
[Site "Banja Luka"]
[Date "1983.??.??"]
[Round "4"]
[White "Ftacnik, Lubomir"]
[Black "Adorjan, Andras"]
[Result "1-0"]
[WhiteElo "2560"]
[BlackElo "2530"]

1.d4 Nf6 2.c4 e6 3.Nf3 b6 4.a3 Bb7 5.Nc3 d5 6.cxd5 Nxd5 7.e3 g6 8.Bb5+ c6
9.Bd3 Bg7 10.e4 Nxc3 11.bxc3 O-O 12.Bg5 Qd6 13.Qd2 c5 14.Bf4 Qd7 15.Bh6 Nc6
16.Bxg7 Kxg7 17.Bb5 cxd4 18.cxd4 a6 19.Be2 Rad8 20.Rd1 Na5 21.d5 Kg8 22.Qe3 Qd6
23.h4 exd5 24.e5 Qe7 25.h5 d4 26.Nxd4 Nc6 27.hxg6 fxg6 28.Bc4+ Kh8 29.Ne6 Rxd1+
30.Kxd1 Rf5 31.f4 Na5 32.Ba2 Bxg2 33.Rh2 Qd7+ 34.Ke1 Bd5 35.Ng5 h5 36.Rd2  1-0

[Event "Banja Luka"]
[Site "Banja Luka"]
[Date "1983.??.??"]
[Round "8"]
[White "Sibarevic, Milenko"]
[Black "Kurajica, Bojan"]
[Result "1/2-1/2"]
[WhiteElo "2320"]
[BlackElo "2510"]

1.Nf3 Nf6 2.c4 e6 3.d4 b6 4.a3 d5 5.cxd5 exd5 6.Nc3 Be7 7.g3 O-O 8.Bg2 Bb7
9.O-O c5 10.Bg5 Na6 11.e3 Ne4 12.Bxe7 Qxe7 13.Rc1 Nxc3 14.Rxc3 c4 15.Qa4 Nc7
16.b3 b5 17.Qa5 Rfb8 18.Ne5 Qd6 19.Rb1 f6 20.Nd3 Qb6 21.Qxb6 axb6 22.bxc4 bxc4
23.Rxb6 cxd3 24.Rxc7 d2 25.Rb1 Rc8 26.Rc5 Rxc5 27.dxc5 Rxa3 28.Bf3 Bc6 29.Rb6 Be8
30.c6 Rc3 31.Rb2  1/2-1/2

[Event "Bath TV-A"]
[Site "Bath"]
[Date "1983.??.??"]
[Round "?"]
[White "Browne, Walter S"]
[Black "Karpov, Anatoly"]
[Result "1/2-1/2"]
[WhiteElo "2560"]
[BlackElo "2710"]

1.d4 Nf6 2.c4 e6 3.Nf3 b6 4.a3 Bb7 5.Nc3 d5 6.cxd5 exd5 7.Qa4+ c6 8.g3 Be7
9.Bg2 O-O 10.O-O Nbd7 11.Bf4 Nh5 12.Bd2 Re8 13.Rad1 Bd6 14.e4 dxe4 15.Ng5 Ndf6
16.Ngxe4 Be7 17.Nxf6+ Nxf6 18.Bxc6 Bxc6 19.Qxc6 Qxd4 20.Bf4 Qc5 21.Qxc5 Bxc5
22.Bd6  1/2-1/2

[Event "Bayamo"]
[Site "Bayamo"]
[Date "1983.??.??"]
[Round "?"]
[White "Vera, Reynaldo"]
[Black "Garcia Martinez, Silvino"]
[Result "1/2-1/2"]
[WhiteElo "2420"]
[BlackElo "2435"]

1.d4 Nf6 2.c4 e6 3.Nf3 b6 4.a3 c5 5.d5 exd5 6.cxd5 d6 7.Nc3 g6 8.g3 Bg7 9.Bg2 O-O
10.O-O Qe7 11.Bf4 Nbd7 12.h3 h6 13.Re1 g5 14.Bd2 a6 15.e4 Rb8 16.Qc2 Re8
17.Rab1 Ne5 18.Nxe5 dxe5 19.b4 cxb4 20.Rxb4 Qd8 21.a4 Bf8 22.Rb2 Bd7 23.Qd3 Qc8
24.Kh2 Bc5 25.Be3 Bxe3 26.Qxe3 Qc7 27.Reb1 Rec8 28.Rxb6 Rxb6 29.Rxb6 Kg7
30.Nb1 a5 31.Nd2 Bxa4 32.Bf1 Nd7 33.Rb2 Qc1 34.Rb1 Qc2 35.Bd3 Qa2 36.Qe1 Nc5
37.Bc4 Qc2 38.Rc1 Nd3 39.Rxc2 Nxe1 40.Ra2 Nf3+ 41.Nxf3 Rxc4 42.Nxe5 Rxe4
43.Nc6 Bxc6 44.dxc6 Rc4 45.Rxa5  1/2-1/2

[Event "Bayamo"]
[Site "Bayamo"]
[Date "1983.??.??"]
[Round "?"]
[White "Vilela, Jose Luis"]
[Black "Sisniega, Marcel"]
[Result "1/2-1/2"]
[WhiteElo "2440"]
[BlackElo "2455"]

1.d4 Nf6 2.c4 e6 3.Nf3 b6 4.a3 c5 5.d5 Ba6 6.Qc2 exd5 7.cxd5 g6 8.Nc3 Bg7
9.g3 O-O 10.Bg2 d6 11.O-O Re8 12.Re1 Qc7 13.Bf4 Nh5 14.Bd2 Nd7 15.Rac1 c4
16.Na2 Rac8 17.Bc3 Bb7 18.Bxg7 Nxg7 19.Rcd1 b5 20.Nc3 Qb6 21.Nd4 a6 22.h3 Nc5
23.Qd2 Nd3 24.exd3 Qxd4 25.dxc4  1/2-1/2

[Event "WchT U26"]
[Site "Chicago"]
[Date "1983.??.??"]
[Round "?"]
[White "Wilder, Michael"]
[Black "Liang Jinrong"]
[Result "0-1"]
[WhiteElo "2440"]
[BlackElo "2395"]

1.d4 Nf6 2.c4 e6 3.Nf3 b6 4.a3 Bb7 5.Nc3 d5 6.cxd5 Nxd5 7.Qc2 Nd7 8.Bg5 f6
9.Nxd5 exd5 10.Bf4 Rc8 11.g3 Bd6 12.Bxd6 cxd6 13.Qd3 O-O 14.Bh3 Qe7 15.O-O g6
16.a4 f5 17.Nd2 Nf6 18.a5 bxa5 19.Rxa5 a6 20.Ra3 Rc6 21.Nb3 Rb6 22.Rc1 Qe6
23.Qd2 Rc8 24.Bg2 Rxc1+ 25.Qxc1 Qxe2 26.Bf1 Qe7 27.Na5 Ne4 28.f3 Ng5 29.Nxb7 Rxb7
30.Re3 Qd7 31.Bxa6 Rc7 32.Qf1 Qa4 33.Kh1 Qxd4 34.Rd3 Qxb2 35.h4 Nf7 36.Rxd5 Rc1
37.Rd1 Rxd1 38.Qxd1 Qf2 39.Bb7 Qxg3 40.Qd4 f4 41.Bd5 Qxh4+ 42.Kg2 Kf8 43.Qc4 Ne5
44.Qc7 Qe7 45.Qc8+ Kg7 46.Qg8+ Kh6 47.Be4 Nd7 48.Qc4 Nf6 49.Bc6 Qe5 50.Qf7 Nh5
51.Qa2 d5 52.Kh3 Qe6+  0-1

[Event "Capablanca mem-B"]
[Site "Cienfuegos"]
[Date "1983.??.??"]
[Round "?"]
[White "Lukov, Valentin"]
[Black "Garcia Martinez, Silvino"]
[Result "0-1"]
[WhiteElo "2430"]
[BlackElo "2435"]

1.d4 Nf6 2.c4 e6 3.Nf3 b6 4.a3 Ba6 5.Qc2 c5 6.d5 exd5 7.cxd5 Bb7 8.e4 Qe7
9.Bd3 Nxd5 10.O-O Nc7 11.Nc3 Ne6 12.Nd5 Qd8 13.Ne5 g6 14.b4 Bg7 15.Bb2 O-O
16.bxc5 Nxc5 17.Bc4 d6 18.Ng4 Nbd7 19.f4 b5 20.f5 Be5 21.Bxe5 Nxe5 22.Nxe5 dxe5
23.Ba2 Rc8 24.Rad1 Qh4 25.Qb2 Nxe4 26.fxg6 hxg6 27.Qxe5 Rc2 28.Bb1 Rxg2+
29.Kxg2 Qg4+ 30.Kh1 Nf2+ 31.Rxf2 Qxd1+ 32.Kg2 Bxd5+ 33.Kh3 Be6+  0-1